书目信息 |
| 题名: |
词语
|
|
| 作者: | 萨特 著 ;潘培庆 译 | |
| 分册: | ||
| 出版信息: | 北京 三联书店 1989 |
|
| 页数: | 348页 | |
| 开本: | 20cm | |
| 丛书名: | 现代西方学术文库 | |
| 单 册: | ||
| 中图分类: | B565.53 | |
| 科图分类: | ||
| 主题词: | 萨特尔,J.P.(1905~1980)--哲学 , 萨特尔,J.P.(1905~1980) | |
| 电子资源: | ||
| ISBN: | 7-108-00162-4 | |
| 000 | 00717nam2 2200253 45 | |
| 001 | 0197031422 | |
| 005 | 20050322145233.9 | |
| 010 | @a7-108-00162-4@dCNY5.60 | |
| 100 | @a19971006e19961989emky0chiy0121 ea | |
| 101 | 1 | @achi@cfre |
| 102 | @aCN@b110000 | |
| 105 | @ay z 000za | |
| 200 | 10 | @a词语@Aci yu@f(法)萨特著@F(Fa)Sa Te Zhu@g潘培庆译 |
| 210 | @a北京@c三联书店@d1989@h1996重印 | |
| 215 | @a348页@d20cm | |
| 225 | 2 | @a现代西方学术文库 |
| 410 | 0 | @120010@a现代西方学术文库 |
| 606 | 0 | @a萨特尔,J.P.(1905~1980)@x哲学 |
| 606 | 0 | @a萨特尔,J.P.(1905~1980) |
| 690 | @aB565.53@v3 | |
| 701 | 0 | @a萨特@4著 |
| 702 | 0 | @a潘培庆@Apan pei qing@4译 |
| 801 | 0 | @aCN@bNLC@c19971021 |
| 905 | @dB565.53@e13@f1@b220801 | |
| 词语/(法)萨特著/潘培庆译.-北京:三联书店,1989(1996重印) |
| 348页;20cm.-(现代西方学术文库) |
| ISBN 7-108-00162-4:CNY5.60 |
| ● |
| 相关链接 |
|
|
|
|
正题名:词语
索取号:B565.53/13
 
预约/预借
| 序号 | 登录号 | 条形码 | 馆藏地/架位号 | 状态 | 备注 |
| 1 | 0220800 | 000578529 | 第一借阅区/ [索取号:B565.53/13] | 在馆 | |
| 2 | 0220801 | 002018202 | 第一样本阅览室/ [索取号:B565.53/13] | 在馆 |